000
00260 a2200109 4500
001
58523
082
_a
515 ANT
090
_c
35895
_d
35895
100
_a
Anton Howard
245
_a
Calculus with Analytic Geometry
260
_a
New york
_b
John Wiley and Sons
_c
1988
942
_a
NUST-CAE
_k
515 ANT
999
_c
293596
_d
293596